<?xml version="1.0" encoding="UTF-8"?>
<collection xmlns="http://www.loc.gov/MARC21/slim">
 <record>
  <leader>00964nam a22002057a 4500</leader>
  <controlfield tag="001">NCT_58644</controlfield>
  <controlfield tag="008">190212b        xxu||||| |||| 00| 0 vie d</controlfield>
  <datafield tag="999" ind1=" " ind2=" ">
   <subfield code="c">2842</subfield>
   <subfield code="d">2842</subfield>
  </datafield>
  <datafield tag="020" ind1=" " ind2=" ">
   <subfield code="a">9786048947880</subfield>
   <subfield code="c">66000</subfield>
  </datafield>
  <datafield tag="082" ind1="0" ind2="4">
   <subfield code="2">23rd ed.</subfield>
   <subfield code="a">158.1</subfield>
   <subfield code="b">L600</subfield>
  </datafield>
  <datafield tag="245" ind1="0" ind2="0">
   <subfield code="a">Mỗi ngày một niềm vui</subfield>
   <subfield code="c">Thanh Ly, Bảo Thức (biên soạn)</subfield>
  </datafield>
  <datafield tag="260" ind1=" " ind2=" ">
   <subfield code="a">H.</subfield>
   <subfield code="b">Hồng Đức</subfield>
   <subfield code="c">2018</subfield>
  </datafield>
  <datafield tag="300" ind1=" " ind2=" ">
   <subfield code="a">192 tr.</subfield>
   <subfield code="c">21cm</subfield>
  </datafield>
  <datafield tag="520" ind1="3" ind2=" ">
   <subfield code="a">Sách cho bạn nhận thấy được làm được một người vui vẻ, tin tưởng vào chính mình, thay đổi chính mình để có cuộc đời vui vẻ....</subfield>
  </datafield>
  <datafield tag="653" ind1=" " ind2=" ">
   <subfield code="a">Sách tham khảo</subfield>
  </datafield>
  <datafield tag="700" ind1="1" ind2=" ">
   <subfield code="a">Thanh Ly</subfield>
   <subfield code="e">Biên soạn</subfield>
  </datafield>
  <datafield tag="700" ind1="1" ind2=" ">
   <subfield code="a">Bảo Phúc</subfield>
   <subfield code="e">Biên soạn</subfield>
  </datafield>
  <datafield tag="942" ind1=" " ind2=" ">
   <subfield code="2">ddc</subfield>
   <subfield code="c">BK</subfield>
  </datafield>
  <datafield tag="952" ind1=" " ind2=" ">
   <subfield code="0">0</subfield>
   <subfield code="1">0</subfield>
   <subfield code="2">ddc</subfield>
   <subfield code="4">0</subfield>
   <subfield code="6">158_100000000000000_L600</subfield>
   <subfield code="7">0</subfield>
   <subfield code="9">15356</subfield>
   <subfield code="a">000001</subfield>
   <subfield code="b">000001</subfield>
   <subfield code="d">2019-02-12</subfield>
   <subfield code="o">158.1 L600</subfield>
   <subfield code="p">TK.01274</subfield>
   <subfield code="r">2019-02-12</subfield>
   <subfield code="v">66000.00</subfield>
   <subfield code="w">2019-02-12</subfield>
   <subfield code="y">BK</subfield>
  </datafield>
  <datafield tag="980" ind1=" " ind2=" ">
   <subfield code="a">Thư viện Trường Đại học Nam Cần Thơ</subfield>
  </datafield>
 </record>
</collection>
